|
|
|
|
| LEADER |
00000nam0a2200000 4500 |
| 001 |
234682 |
| 005 |
20260415173633.0 |
| 010 |
|
|
|a 9785459007084
|
| 035 |
|
|
|a (RuTPU)RU\TPU\book\255808
|
| 090 |
|
|
|a 234682
|
| 100 |
|
|
|a 20130327d2012 km y0rusy50 ca
|
| 101 |
0 |
|
|a rus
|
| 102 |
|
|
|a RU
|
| 105 |
|
|
|a y z 000zb
|
| 200 |
1 |
|
|a Ленин. Соблазнение России
|f Л. М. Млечин
|
| 210 |
|
|
|a Москва
|c Питер
|d 2012
|
| 215 |
|
|
|a 428 с.
|
| 330 |
|
|
|a Владимир Ильич Ленин был, без сомнения, самым выдающимся соблазнителем России в XX столетии. Одно из слагаемых его успеха — невероятная способность убеждать окружающих в собственной правоте. Осенью 1917 года он обещал России именно то, о чем мечтало большинство населения. Одним мир — немедленно. Другим землю — бесплатно. Третьим — порядок и твердую власть вместо хаоса и разрухи. И всем вместе — устройство жизни на началах равенства и справедливости. Но чем на самом деле руководствовался легендарный вождь Октябрьской революции, давая столь громкие обещания? Собственными политическими амбициями, поставленной кем-то задачей или же искренней верой в лучшую жизнь для России? Почему именно Ленин стал знаменем нового мира? Кто помогал ему создавать этот образ, вошедший в историю? Были ли поступки Ленина и его окружения продиктованы стремлением построить новое общество или они действовали в интересах геополитических противников старой императорской России?
|
| 600 |
|
1 |
|a Ленин
|b В. И.
|c настоящая фамилия Ульянов
|c российский политический деятель
|f 1870-1924
|g Владимир Ильич
|2 stltpush
|3 (RuTPU)RU\TPU\pers\1074
|9 486
|
| 606 |
|
|
|a Ленин В. И.
|x Жизнь и деятельность после Октябрьской революции
|7 ca
|8 rus
|2 stltpush
|3 (RuTPU)RU\TPU\subj\72442
|9 85958
|
| 610 |
1 |
|
|a Россия
|
| 610 |
1 |
|
|a история
|
| 610 |
1 |
|
|a 20 век
|
| 610 |
1 |
|
|a Октябрьская революция 1917
|
| 610 |
1 |
|
|a Гражданская война 1918-1921
|
| 610 |
1 |
|
|a политика
|
| 610 |
1 |
|
|a Советская Россия
|
| 610 |
1 |
|
|a революционные деятели
|
| 610 |
1 |
|
|a политические деятели
|
| 686 |
|
|
|a Т3(2)6-8Ленин351
|v LBC/SL-A
|2 rubbk
|
| 700 |
|
1 |
|a Млечин
|b Л. М.
|g Леонид Михайлович
|
| 801 |
|
1 |
|a RU
|b 63413507
|c 20130327
|
| 801 |
|
2 |
|a RU
|b 63413507
|c 20130405
|g RCR
|
| 942 |
|
|
|c BK
|